| 000 | 01631nam a22003737a 4500 | ||
|---|---|---|---|
| 003 | PE-LiUPU | ||
| 005 | 20260218111228.0 | ||
| 008 | 230710b |||||||| |||| 00| 0 eng d | ||
| 040 |
_aPE-LiUPU _bsps _cPE-LiUPU _dPE-LiUPU _erda |
||
| 082 |
_223 _a231.7652 _bM876s |
||
| 100 |
_aMorris, Henry M. _91555 _d1918-2996. _eautor. |
||
| 245 |
_aStudies in the Bible and science : _bor Christ and creation / _cpor Henry M. Morris. |
||
| 264 |
_aGrand Rapids, Michigan: _bBaker Book House, _c1966. |
||
| 300 |
_a186 páginas. _c22 centímetros. |
||
| 500 | _aNotas al pie de página. | ||
| 505 | _aReason and the christian hope -- The wonder of water -- Creation and deluge -- The power of the word -- The Genesis flood -- Evolution and christian thought today -- Water and the word -- The Bible and theistic evolution -- Spiritual overtones in engineering -- The spirit of compromise -- The Bible is a textbook of science -- The power of energy -- Noah's flood -- Seven reason for opposing evolution -- Science versus scientism in historical geology -- Christ in creation. | ||
| 526 | _aSEG42 | ||
| 526 | _aSEG41 | ||
| 526 | _aSEG40 | ||
| 526 | _aSEG39 | ||
| 526 | _aP94 | ||
| 526 | _aP87 | ||
| 526 | _aP86 | ||
| 526 | _aP85 | ||
| 526 | _aP77 | ||
| 526 | _aP76 | ||
| 526 | _aP35 | ||
| 650 | 0 |
_aBiblia y Ciencia _91556 |
|
| 650 | 0 |
_aCreación (Teología) _91557 |
|
| 650 | 0 |
_aDiluvio universal _91558 |
|
| 942 |
_2ddc _cBK _n0 |
||
| 980 |
_621515 _aDIGNA BRAÑES Analista Documental _818226 _gJaime Vilcazán Jefe de Análisis Documental |
||
| 999 |
_c61910 _d61910 |
||